[Event "Moscow Smyslov Masters"]
[Site "Moscow"]
[Date "2025.06.09"]
[Round "8"]
[White "Galaktionov, Artem"]
[Black "Maslovskiy, Vladimir"]
[Result "1/2-1/2"]
[WhiteElo "2359"]
[BlackElo "2327"]
[PlyCount "63"]
[EventDate "2025.06.02"]
[EventType "swiss"]
[EventRounds "9"]
[EventCountry "RUS"]
[SourceTitle "CB29_2025"]
[SourceDate "2025.07.16"]
[SourceVersion "1"]
[SourceVersionDate "2025.07.16"]
[SourceQuality "1"]

1. d4 Nf6 2. c4 e6 3. Nf3 d5 4. cxd5 exd5 5. Nc3 c6 6. Bg5 Be7 7. e3 Bf5 8. Nh4 Be6 9. Bd3 Ne4 10. Bxe7 Qxe7 11. Nf3 Bf5 12. 0-0 0-0 13. Bxe4 Bxe4 14. Nxe4 Qxe4 15. Qb3 Qe7 16. Ne5 Na6 17. Rfe1 Rfd8 18. Nd3 Rab8 19. a4 Nc7 20. Rac1 Ne8 21. a5 a6 22. Nc5 Nd6 23. Qd3 Re8 24. b4 Qg5 25. Re2 Re7 26. Rce1 Rbe8 27. g3 Qg4 28. Qd1 h5 29. Rd2 Qf5 30. h4 Ne4 31. Rb2 Nd6 32. Rd2 1/2-1/2

[Event "Moscow Smyslov Masters"]
[Site "Moscow"]
[Date "2025.06.07"]
[Round "6"]
[White "Galaktionov, Artem"]
[Black "Vasilkov, Nikolay"]
[Result "1/2-1/2"]
[WhiteElo "2359"]
[BlackElo "2244"]
[PlyCount "89"]
[EventDate "2025.06.02"]
[EventType "swiss"]
[EventRounds "9"]
[EventCountry "RUS"]
[SourceTitle "CB29_2025"]
[SourceDate "2025.07.16"]
[SourceVersion "1"]
[SourceVersionDate "2025.07.16"]
[SourceQuality "1"]

1. d4 Nf6 2. Nf3 d5 3. g3 Bf5 4. Bg2 e6 5. c4 c6 6. Nc3 h6 7. Qb3 Qb6 8. c5 Qxb3 9. axb3 Na6 10. Bf4 Nd7 11. Bd2 g5 12. e3 Bg7 13. h3 e5 14. 0-0 0-0 15. Ra4 Bc2 16. Ra3 exd4 17. exd4 Be4 18. Ra4 Bc2 19. Ra3 Nc7 20. Re1 Ne6 21. Ne2 a6 22. Bc3 Rae8 23. b4 Nc7 24. Raa1 Nb5 25. g4 f5 26. Ng3 f4 27. Nf1 Be4 28. N1d2 Bg6 29. Nb3 Bc2 30. Na5 Be4 31. Nxb7 Bxf3 32. Rxe8 Rxe8 33. Bxf3 Nxd4 34. Bxd4 Bxd4 35. Nd6 Rb8 36. Nf5 Rxb4 37. Rxa6 Ne5 38. Kg2 Bxf2 39. Ne7+ Kg7 40. Nxc6 Rxb2 41. Nxe5 Bd4+ 42. Kf1 Bxe5 43. Bxd5 Bd4 44. Ra7+ Kg6 45. Ra6+ 1/2-1/2

[Event "Moscow Smyslov Masters"]
[Site "Moscow"]
[Date "2025.06.02"]
[Round "1"]
[White "Rostovtsev, Dmitry"]
[Black "Galaktionov, Artem"]
[Result "1-0"]
[WhiteElo "2429"]
[BlackElo "2359"]
[PlyCount "85"]
[EventDate "2025.06.02"]
[EventType "swiss"]
[EventRounds "9"]
[EventCountry "RUS"]
[SourceTitle "CB29_2025"]
[SourceDate "2025.07.16"]
[SourceVersion "1"]
[SourceVersionDate "2025.07.16"]
[SourceQuality "1"]

1. e4 c6 2. d4 d5 3. e5 Bf5 4. Nf3 e6 5. Be2 Nd7 6. Nbd2 f6 7. Nb3 fxe5 8. dxe5 Qc7 9. 0-0 Ne7 10. Nbd4 Nxe5 11. Ng5 h6 12. Ngxe6 Qd6 13. Bf4 Bxe6 14. Re1 Bf7 15. Bh5 Bxh5 16. Qxh5+ g6 17. Bxe5 gxh5 18. Bxd6 Kd7 19. Bc5 Ng6 20. Ne6 Bxc5 21. Nxc5+ Kc7 22. Re6 Rhg8 23. Rae1 Nf4 24. Re7+ Kb6 25. b4 Rxg2+ 26. Kh1 Kb5 27. Rxb7+ Kc4 28. Nd3 Rag8 29. Nxf4 Rxf2 30. Nxh5 Rgg2 31. Nf4 Rxh2+ 32. Kg1 Rxc2 33. Re6 Rxa2 34. Rxc6+ Kb3 35. Rg6 Rhb2 36. Rg3+ Kc4 37. Rc7+ Kd4 38. Rc1 Rxb4 39. Rd1+ Kc4 40. Nxd5 Rbb2 41. Rg4+ Kc5 42. Nc3 a5 43. Rd5+ 1-0

[Event "RUS-chT 32nd"]
[Site "Sochi"]
[Date "2025.05.05"]
[Round "9.1"]
[White "Galaktionov, Artem"]
[Black "Pingin, Artem"]
[Result "1/2-1/2"]
[WhiteElo "2361"]
[BlackElo "2466"]
[PlyCount "91"]
[EventDate "2025.04.26"]
[EventType "team-swiss"]
[EventRounds "9"]
[EventCountry "RUS"]
[SourceTitle "CB19_2025"]
[SourceDate "2025.05.07"]
[SourceVersion "1"]
[SourceVersionDate "2025.05.07"]
[SourceQuality "1"]
[WhiteTeam "Moscow Temus Tim"]
[BlackTeam "Sverdlovsk Region Sima Lend"]
[WhiteTeamCountry "RUS"]
[BlackTeamCountry "RUS"]

1. d4 Nf6 2. Nf3 e6 3. c4 h6 4. Bf4 Bb4+ 5. Nbd2 d6 6. a3 Bxd2+ 7. Qxd2 Qe7 8. h3 a5 9. Rc1 Nc6 10. d5 Nb8 11. dxe6 Bxe6 12. Nd4 a4 13. Nxe6 Qxe6 14. g4 Nbd7 15. Bg2 Nc5 16. Qe3 Nfe4 17. f3 Nf6 18. Qxe6+ Nxe6 19. Bd2 Nd7 20. h4 Ndc5 21. Rd1 f6 22. Kf2 Kd7 23. Bb4 Rae8 24. e3 b6 25. Bh3 Ke7 26. Bg2 h5 27. gxh5 Rxh5 28. f4 Reh8 29. Kg3 g6 30. Bf3 R5h6 31. Bc6 Rh5 32. Rdg1 Ng7 33. Bxc5 Rxc5 34. Bxa4 Rxc4 35. Bd1 Rc1 36. Bg4 Rxg1+ 37. Rxg1 d5 38. Rd1 f5 39. Bf3 c6 40. a4 Ra8 41. Rc1 Kd6 42. Rg1 Ne6 43. Kf2 Nf8 44. b3 Rc8 45. Rh1 Ne6 46. Rg1 1/2-1/2

[Event "RUS-chT 32nd"]
[Site "Sochi"]
[Date "2025.05.04"]
[Round "8.1"]
[White "Kezin, Roman"]
[Black "Galaktionov, Artem"]
[Result "1-0"]
[WhiteElo "2478"]
[BlackElo "2361"]
[PlyCount "115"]
[EventDate "2025.04.26"]
[EventType "team-swiss"]
[EventRounds "9"]
[EventCountry "RUS"]
[SourceTitle "CB19_2025"]
[SourceDate "2025.05.07"]
[SourceVersion "1"]
[SourceVersionDate "2025.05.07"]
[SourceQuality "1"]
[WhiteTeam "Novosibirsk GAU"]
[BlackTeam "Moscow Temus Tim"]
[WhiteTeamCountry "RUS"]
[BlackTeamCountry "RUS"]

1. Nf3 d5 2. g3 Nf6 3. Bg2 e6 4. c4 d4 5. d3 c5 6. e4 dxe3 7. Bxe3 Nc6 8. 0-0 Ng4 9. Bg5 Be7 10. Bxe7 Qxe7 11. d4 0-0 12. Nc3 Rd8 13. d5 Nf6 14. Re1 Qf8 15. Qb3 exd5 16. Nxd5 Ne8 17. Ne5 Nd4 18. Qc3 Rb8 19. b4 Bf5 20. g4 Bd7 21. bxc5 Ne6 22. Nd3 Kh8 23. Qa5 Nf6 24. Ne5 Be8 25. Qxa7 Nd7 26. c6 Nxe5 27. c7 Nxc7 28. Rxe5 Ne6 29. Qe3 Bc6 30. a4 Qd6 31. a5 h6 32. h4 Re8 33. Re1 Nf8 34. Qg3 Rxe5 35. Rxe5 Ra8 36. Ne3 Qb4 37. Bxc6 bxc6 38. Rf5 Qe7 39. g5 hxg5 40. Rxg5 g6 41. Re5 Qd8 42. Qf4 Kg7 43. h5 f6 44. h6+ Kg8 45. Rc5 Ra6 46. Ng4 Nh7 47. Kg2 Qe7 48. Qb8+ Kf7 49. Qc8 Ra7 50. Qxc6 Rd7 51. a6 Ng5 52. Rxg5 Rd6 53. Qf3 f5 54. Qb7 fxg4 55. Qxe7+ Kxe7 56. Ra5 Rd8 57. a7 Ra8 58. h7 1-0

[Event "Titled Tuesday intern op 07th Jan Early"]
[Site "Chess.com INT"]
[Date "2025.01.07"]
[Round "10"]
[White "Dragnev, Valentin"]
[Black "Galaktionov, Artem"]
[Result "1-0"]
[WhiteElo "2563"]
[BlackElo "2337"]
[PlyCount "113"]
[EventDate "2025.01.07"]
[EventType "swiss (blitz)"]
[EventRounds "11"]
[EventCountry "USA"]
[SourceTitle "CB03_2025"]
[SourceDate "2025.01.15"]
[SourceVersion "1"]
[SourceVersionDate "2025.01.15"]
[SourceQuality "1"]

1. e4 c6 2. d4 g6 3. c4 Bg7 4. Nc3 d6 5. Be3 Nd7 6. Be2 e5 7. d5 c5 8. h4 h6 9. h5 g5 10. Bg4 Ne7 11. Nge2 0-0 12. Ng3 Nb6 13. Bxc8 Qxc8 14. Qd3 f5 15. exf5 Nxf5 16. Nxf5 Qxf5 17. Qxf5 Rxf5 18. Ne4 Nxc4 19. b3 Nxe3 20. fxe3 Bf8 21. g4 Rf7 22. Ke2 Rc8 23. Rac1 b5 24. Rhf1 Rxf1 25. Rxf1 Be7 26. Ng3 c4 27. Nf5 Bf8 28. Rc1 cxb3 29. Ne7+ Kf7 30. Nxc8 bxa2 31. Rc7+ Kf6 32. Rxa7 e4 33. Rxa2 Ke5 34. Nb6 Be7 35. Rd2 Kf6 36. Rb2 Bd8 37. Rxb5 Bc7 38. Nc4 Ke7 39. Rb7 Kd7 40. Ra7 Kc8 41. Kd2 Kb8 42. Ra6 Kb7 43. Rc6 Kc8 44. Kc3 Kd7 45. Kd4 Bb8 46. Kxe4 Ba7 47. Kf5 Bc5 48. e4 Bd4 49. Rxd6+ Ke7 50. e5 Kf7 51. Rd7+ Ke8 52. e6 Bc5 53. Kg6 Bf8 54. d6 Be7 55. Rxe7+ Kd8 56. Rd7+ Ke8 57. Ne5 1-0

[Event "Titled Tuesday intern op 07th Jan Early"]
[Site "Chess.com INT"]
[Date "2025.01.07"]
[Round "5"]
[White "Galaktionov, Artem"]
[Black "Tregubov, Pavel V"]
[Result "0-1"]
[WhiteElo "2337"]
[BlackElo "2554"]
[PlyCount "130"]
[EventDate "2025.01.07"]
[EventType "swiss (blitz)"]
[EventRounds "11"]
[EventCountry "USA"]
[SourceTitle "CB03_2025"]
[SourceDate "2025.01.15"]
[SourceVersion "1"]
[SourceVersionDate "2025.01.15"]
[SourceQuality "1"]

1. d4 Nf6 2. c4 c5 3. d5 b5 4. cxb5 a6 5. bxa6 g6 6. a7 Rxa7 7. Nc3 Ba6 8. e4 Bxf1 9. Kxf1 d6 10. g3 Bg7 11. Kg2 0-0 12. Nf3 Nbd7 13. h3 Qa8 14. Qc2 e6 15. dxe6 fxe6 16. Rd1 d5 17. exd5 exd5 18. Bf4 d4 19. Nb5 Ra5 20. Nc7 Qc6 21. Qc4+ Kh8 22. Qe6 Qb7 23. Rd3 Qxb2 24. Re1 Qxa2 25. Bd6 Qxe6 26. Rxe6 Rc8 27. Rd2 Ra7 28. Nb5 Rb7 29. Na3 c4 30. Nxd4 c3 31. Rc2 Nd5 32. Nab5 Rb6 33. Ba3 Rxe6 34. Nxe6 Bf6 35. Kf3 N7b6 36. Ke4 Re8 37. Nbd4 Bxd4 38. Kxd4 Rxe6 39. Bc5 Kg8 40. f4 Kf7 41. g4 Re1 42. f5 Rd1+ 43. Ke5 gxf5 44. gxf5 Nc4+ 45. Ke4 Rd2 46. Rc1 c2 47. Bd4 Nf6+ 48. Bxf6 Kxf6 49. Kf4 Re2 50. Kf3 Rd2 51. Kf4 h5 52. h4 Rh2 53. Ke4 Rxh4+ 54. Kd3 Kxf5 55. Rxc2 Ne5+ 56. Ke3 Rh3+ 57. Kd4 Rd3+ 58. Kc5 Rd8 59. Rh2 Kg5 60. Rh1 Ng4 61. Kc4 h4 62. Kc3 Rd7 63. Kc2 Rh7 64. Kd2 h3 65. Ke2 Kh4 0-1

[Event "Titled Tuesday intern op 26th Nov Late"]
[Site "Chess.com INT"]
[Date "2024.11.26"]
[Round "1"]
[White "Jarocka, Liwia"]
[Black "Galaktionov, Artem"]
[Result "0-1"]
[WhiteElo "2267"]
[BlackElo "2337"]
[PlyCount "98"]
[EventDate "2024.11.26"]
[EventType "swiss (blitz)"]
[EventRounds "11"]
[EventCountry "USA"]
[SourceTitle "CB49_2024"]
[SourceDate "2024.12.04"]
[SourceVersion "1"]
[SourceVersionDate "2024.12.04"]
[SourceQuality "1"]

1. e4 c6 2. d4 g6 3. Nc3 Bg7 4. Be3 d6 5. Qd2 Nd7 6. f4 Qa5 7. Nf3 e5 8. 0-0-0 Ngf6 9. Kb1 0-0 10. h3 Re8 11. Bd3 b5 12. fxe5 dxe5 13. dxe5 Nxe5 14. Nxe5 Rxe5 15. Bd4 Re8 16. Bxf6 Bxf6 17. Nd5 Qd8 18. Nxf6+ Qxf6 19. Rhf1 Qe5 20. Qf4 Qxf4 21. Rxf4 Be6 22. Rdf1 Rad8 23. b3 h5 24. Kb2 Kg7 25. Ra1 Rd4 26. a4 b4 27. Raf1 Re7 28. R1f3 Red7 29. e5 a5 30. Be4 c5 31. Bc6 Rxf4 32. Rxf4 Rd1 33. Re4 Rd2 34. g4 hxg4 35. hxg4 Kh6 36. Bb5 Rd4 37. Rxd4 cxd4 38. Bc4 Kg5 39. Kc1 Kxg4 40. Kd2 Kf4 41. Kd3 Kxe5 42. Bxe6 fxe6 43. Kc4 g5 44. Kb5 g4 45. Kxa5 g3 46. Kxb4 g2 47. a5 g1Q 48. a6 Qg7 49. a7 Qxa7 0-1

[Event "Titled Tuesday intern op 26th Nov Late"]
[Site "Chess.com INT"]
[Date "2024.11.26"]
[Round "9"]
[White "Maltsevskaya, Aleksandra"]
[Black "Galaktionov, Artem"]
[Result "0-1"]
[WhiteElo "2364"]
[BlackElo "2337"]
[PlyCount "106"]
[EventDate "2024.11.26"]
[EventType "swiss (blitz)"]
[EventRounds "11"]
[EventCountry "USA"]
[SourceTitle "CB49_2024"]
[SourceDate "2024.12.04"]
[SourceVersion "1"]
[SourceVersionDate "2024.12.04"]
[SourceQuality "1"]

1. e4 c6 2. d4 g6 3. Nf3 Bg7 4. Nc3 d6 5. h3 Nd7 6. Bd3 e5 7. dxe5 dxe5 8. 0-0 Ngf6 9. b3 Qa5 10. Bb2 0-0 11. Nb1 Nh5 12. g3 Nc5 13. Kg2 Rd8 14. Qe2 Nxd3 15. cxd3 Be6 16. Nbd2 Qc7 17. Ng5 Bc8 18. Nc4 f6 19. Nf3 c5 20. Nh4 Qd7 21. Rh1 Qxd3 22. Qxd3 Rxd3 23. Rad1 Rxd1 24. Rxd1 Be6 25. Rd6 Kf7 26. Nf3 Ke7 27. Rd2 Rd8 28. Re2 b6 29. Rc2 Bh6 30. a4 Rd1 31. a5 Bxc4 32. Rxc4 Kd6 33. axb6 axb6 34. b4 Rd3 35. bxc5+ bxc5 36. Rc2 Ng7 37. Nh2 Bd2 38. Nf3 Bb4 39. Nh2 Ne6 40. Ng4 Ke7 41. Ne3 Nd4 42. Nd5+ Ke6 43. Rc4 f5 44. Nxb4 cxb4 45. Rxb4 fxe4 46. Rb6+ Kd5 47. Rb7 h5 48. Rb6 Rd2 49. Kf1 Nf3 50. Bc3 Rc2 51. Rb3 Kc4 52. Rb6 Kxc3 53. Rc6+ Kd3 0-1

[Event "Titled Tuesday intern op 10th Sep Late"]
[Site "Chess,com INT"]
[Date "2024.09.10"]
[Round "4"]
[White "Galaktionov, Artem"]
[Black "Grot, Blazej"]
[Result "1-0"]
[WhiteElo "2337"]
[BlackElo "2190"]
[PlyCount "121"]
[EventDate "2024.09.10"]
[EventType "swiss (blitz)"]
[EventRounds "11"]
[EventCountry "USA"]
[SourceTitle "EXT 2025"]
[Source "ChessBase"]
[SourceDate "2024.10.14"]
[SourceVersion "1"]
[SourceVersionDate "2024.10.14"]
[SourceQuality "1"]

1. d4 Nf6 2. c4 e6 3. Nf3 d5 4. Nc3 Be7 5. Bf4 0-0 6. e3 c5 7. dxc5 Bxc5 8. cxd5 exd5 9. Bd3 Nc6 10. 0-0 Bg4 11. h3 Bh5 12. g4 Bg6 13. Rc1 Rc8 14. Nb5 Be7 15. Bxg6 hxg6 16. Qb3 Qd7 17. Rfd1 Rfd8 18. Kg2 Ne4 19. Nbd4 Bf6 20. Nxc6 bxc6 21. Rc2 g5 22. Bh2 c5 23. Qa3 c4 24. Nd4 Bxd4 25. Rxd4 f5 26. f3 Nf6 27. Be5 Rc6 28. Rcd2 Qe6 29. Bxf6 gxf6 30. Qc3 Rcd6 31. Kf2 Qe5 32. f4 gxf4 33. exf4 Qe6 34. Re2 Qd7 35. Qg3 Qg7 36. gxf5 Qxg3+ 37. Kxg3 Kf7 38. Kh2 Rb6 39. Red2 Rdd6 40. Kg3 Rb5 41. Kg4 a5 42. h4 Rb8 43. Rxd5 Rxd5 44. Rxd5 Rxb2 45. Rxa5 Rg2+ 46. Kh5 c3 47. Ra7+ Kf8 48. Rc7 c2 49. a4 Rf2 50. Kg6 Ke8 51. a5 Rxf4 52. Rxc2 Rxh4 53. Kxf6 Rh6+ 54. Kg7 Ra6 55. Re2+ Kd7 56. f6 Rxa5 57. f7 Rg5+ 58. Kf6 Rg3 59. f8Q Rf3+ 60. Kg7 Rxf8 61. Kxf8 1-0

[Event "Abu Dhabi op-A 30th"]
[Site "Abu Dhabi"]
[Date "2024.08.23"]
[Round "8"]
[White "Namitbir, Singh Walia"]
[Black "Galaktionov, Artem"]
[Result "0-1"]
[WhiteElo "2367"]
[BlackElo "2316"]
[PlyCount "146"]
[EventDate "2024.08.15"]
[EventType "swiss"]
[EventRounds "9"]
[EventCountry "UAE"]
[SourceTitle "EXT 2025"]
[Source "ChessBase"]
[SourceDate "2024.10.14"]
[SourceVersion "1"]
[SourceVersionDate "2024.10.14"]
[SourceQuality "1"]

1. e4 e6 2. d4 d5 3. Nc3 Nf6 4. e5 Nfd7 5. f4 c5 6. Nf3 Nc6 7. Be3 a6 8. a3 b5 9. Bd3 Qb6 10. 0-0 cxd4 11. Bf2 Bc5 12. Na2 Qc7 13. Nc1 Be7 14. Nb3 g6 15. Nfxd4 Nxd4 16. Bxd4 Nc5 17. Nxc5 Bxc5 18. c3 Bd7 19. Qe1 h5 20. Qe3 Ba7 21. Rac1 a5 22. Kh1 a4 23. Qg3 h4 24. Qe3 Qb7 25. Kg1 Bxd4 26. Qxd4 Kf8 27. f5 gxf5 28. Bxf5 Qa7 29. Bg6 Be8 30. Qxa7 Rxa7 31. Rf4 Ke7 32. Bd3 Rh5 33. Re1 Bc6 34. Re3 Ra8 35. Be2 Rg5 36. Bf3 Rh8 37. Kf2 Rg6 38. Ke2 f6 39. Kd3 fxe5 40. Rxe5 Kd6 41. Kd4 Bd7 42. Rf7 Be8 43. Ra7 Bc6 44. h3 Rf8 45. Rh5 Rf4+ 46. Ke3 Rc4 47. Rh8 e5 48. Rd8+ Kc5 49. Ra6 Rg3 50. Kf2 Rf4 51. Rc8 Rf6 52. Kg1 e4 53. Bg4 Rd6 54. Bd7 Rgg6 55. Be8 Rge6 56. Kf2 Rxe8 57. Raxc6+ Rxc6 58. Rxe8 Kc4 59. Rb8 d4 60. cxd4 Kd3 61. d5 e3+ 62. Kf3 Rf6+ 63. Kg4 e2 64. Re8 Kd2 65. Kxh4 e1Q+ 66. Rxe1 Kxe1 67. g4 Rd6 68. g5 Rxd5 69. g6 Rd2 70. Kg5 Rxb2 71. h4 b4 72. h5 bxa3 73. g7 Rg2+ 0-1

[Event "Abu Dhabi op-A 30th"]
[Site "Abu Dhabi"]
[Date "2024.08.22"]
[Round "7"]
[White "Galaktionov, Artem"]
[Black "Poormosavi, Seyed Kian"]
[Result "1/2-1/2"]
[WhiteElo "2316"]
[BlackElo "2380"]
[PlyCount "91"]
[EventDate "2024.08.15"]
[EventType "swiss"]
[EventRounds "9"]
[EventCountry "UAE"]
[SourceTitle "EXT 2025"]
[Source "ChessBase"]
[SourceDate "2024.10.14"]
[SourceVersion "1"]
[SourceVersionDate "2024.10.14"]
[SourceQuality "1"]

1. d4 Nf6 2. c4 e6 3. Nf3 d5 4. Nc3 h6 5. cxd5 exd5 6. Bf4 Bd6 7. Be5 c6 8. e3 Bxe5 9. Nxe5 Nbd7 10. Nxd7 Bxd7 11. Bd3 0-0 12. 0-0 Re8 13. Qc2 Qe7 14. Rfe1 Rac8 15. Qb3 b6 16. Rac1 Qd6 17. h3 c5 18. Qa3 Qb8 19. Ba6 Rc7 20. dxc5 bxc5 21. Red1 Re5 22. Bf1 Qb6 23. b3 d4 24. exd4 cxd4 25. Ne2 d3 26. Rxd3 Ne4 27. Rd4 Rxc1 28. Qxc1 Nxf2 29. Kxf2 Rxe2+ 30. Bxe2 Qxd4+ 31. Qe3 Qh4+ 32. Qg3 Qf6+ 33. Qf3 Qb6+ 34. Qe3 Qa5 35. a4 Be6 36. Bg4 Bd5 37. Bf3 Be6 38. Bg4 Bd5 39. Bd1 a6 40. Qd4 Bc6 41. Bf3 Qf5 42. Kg3 Bxf3 43. gxf3 Qg6+ 44. Qg4 Qd6+ 45. Qf4 Qg6+ 46. Qg4 1/2-1/2

[Event "Abu Dhabi op-A 30th"]
[Site "Abu Dhabi"]
[Date "2024.08.21"]
[Round "6"]
[White "Madaminov, Mukhiddin"]
[Black "Galaktionov, Artem"]
[Result "1/2-1/2"]
[WhiteElo "2533"]
[BlackElo "2316"]
[PlyCount "216"]
[EventDate "2024.08.15"]
[EventType "swiss"]
[EventRounds "9"]
[EventCountry "UAE"]
[SourceTitle "EXT 2025"]
[Source "ChessBase"]
[SourceDate "2024.10.14"]
[SourceVersion "1"]
[SourceVersionDate "2024.10.14"]
[SourceQuality "1"]

1. e4 e6 2. Nf3 d5 3. Nc3 Nf6 4. e5 Nfd7 5. d4 c5 6. Ne2 cxd4 7. Nexd4 Nc6 8. Bf4 Bc5 9. c3 Qb6 10. Rb1 a5 11. a3 a4 12. Bg3 Be7 13. Bd3 Nc5 14. 0-0 Nxd3 15. Qxd3 0-0 16. Rfe1 Nxd4 17. cxd4 Bd7 18. Bh4 Bxh4 19. Nxh4 Rfc8 20. Nf3 Bb5 21. Qd2 Rc4 22. Rbc1 Rac8 23. Rxc4 Rxc4 24. Rc1 Qc7 25. Rxc4 Qxc4 26. h3 h6 27. Kh2 Qb3 28. Ne1 Qc4 29. Nc2 Qb3 30. Ne3 Bd3 31. f3 Bg6 32. h4 Kh8 33. Kg3 Kg8 34. Kf2 Kh8 35. Qc1 Kg8 36. g4 h5 37. gxh5 Bxh5 38. Qc8+ Kh7 39. Qc2+ Qxc2+ 40. Nxc2 Bg6 41. Ne3 Bd3 42. Kg3 Kg6 43. Kf4 Be2 44. Ng4 Kh5 45. Kg3 Kg6 46. Ne3 Bb5 47. Kg4 Bd3 48. Nd1 Bb5 49. Nc3 Bc6 50. Ne2 Bb5 51. Ng3 Bd3 52. Kf4 Bb5 53. Ke3 Bd7 54. Kd2 f6 55. f4 b6 56. Kc3 Kh6 57. Kd2 Be8 58. Ke3 Bd7 59. Kf3 Kg6 60. Nf1 Kh5 61. Kg3 fxe5 62. fxe5 g5 63. hxg5 Kxg5 64. Ne3 Be8 65. Ng4 Kf5 66. Nf6 Bb5 67. Kf3 Bc6 68. Ng8 Bd7 69. Ne7+ Kg5 70. Kg3 Kh5 71. Kf4 Kh4 72. Ng6+ Kh5 73. Nf8 Bc8 74. Nh7 Kh4 75. Nf6 Kh3 76. Kf3 Kh2 77. Ne8 Kg1 78. Ke2 Ba6+ 79. Ke3 Kf1 80. Nc7 Bc8 81. Na8 b5 82. Nb6 Ba6 83. Nd7 Ke1 84. Nc5 Bc8 85. Kd3 Kd1 86. Kc3 Ke2 87. Nd3 Ke3 88. Ne1 Bd7 89. Nc2+ Ke4 90. Nb4 Ke3 91. Na6 Bc8 92. Nc5 Ke2 93. b3 axb3 94. Nxb3 Kd1 95. Kb4 Kc2 96. Na5 Bd7 97. Nb7 Kd2 98. Kc5 Kd3 99. Na5 Be8 100. Nb3 Kc3 101. Na5 Kd3 102. Nb7 Bd7 103. Nd8 Kc3 104. Kd6 Kxd4 105. Kxd7 Kxe5 106. Nc6+ Ke4 107. Kxe6 d4 108. Na5 Kd3 1/2-1/2

[Event "Titled Tuesday intern op 06th Aug Late"]
[Site "Chess.com INT"]
[Date "2024.08.06"]
[Round "3"]
[White "Galaktionov, Artem"]
[Black "Esmeraldas Huachi, Anderson Yahir"]
[Result "1/2-1/2"]
[WhiteElo "2316"]
[BlackElo "2100"]
[PlyCount "103"]
[EventDate "2024.08.06"]
[EventType "swiss (blitz)"]
[EventRounds "11"]
[EventCountry "USA"]
[SourceTitle "EXT 2025"]
[Source "ChessBase"]
[SourceDate "2024.10.14"]
[SourceVersion "1"]
[SourceVersionDate "2024.10.14"]
[SourceQuality "1"]

1. d4 d5 2. c4 dxc4 3. e3 Nf6 4. Bxc4 e6 5. Nf3 a6 6. 0-0 c5 7. dxc5 Qxd1 8. Rxd1 Bxc5 9. Nbd2 b5 10. Be2 Bb7 11. a4 b4 12. Nc4 Ke7 13. Nfd2 Rd8 14. Nb3 Rxd1+ 15. Bxd1 Ba7 16. Bd2 Nc6 17. Nba5 Rb8 18. Nxb7 Rxb7 19. Bf3 Nd5 20. Rc1 f5 21. Kf1 b3 22. Na5 Nxa5 23. Bxa5 Bb6 24. Bd2 Bc7 25. Be2 a5 26. f4 Bb6 27. Ba6 Rd7 28. Ke2 Ra7 29. Bc4 Rb7 30. Bxb3 Bxe3 31. Bxd5 Bxd2 32. Kxd2 exd5 33. Rc5 Kd6 34. Rxa5 Rxb2+ 35. Ke3 Rxg2 36. Ra8 Rxh2 37. a5 Ra2 38. a6 Ra3+ 39. Kd4 Ra4+ 40. Ke3 Kc6 41. a7 Kb7 42. Rg8 Rxa7 43. Rxg7+ Kb6 44. Rg5 Re7+ 45. Kd4 Re4+ 46. Kxd5 Rxf4 47. Ke5 Rf1 48. Rxf5 Rxf5+ 49. Kxf5 Kc5 50. Kg5 Kd6 51. Kh6 Ke7 52. Kxh7 1/2-1/2

[Event "Titled Tuesday intern op 23rd Jul Late"]
[Site "Chess.com INT"]
[Date "2024.07.23"]
[Round "4"]
[White "Galaktionov, Artem"]
[Black "Zienkiewicz, Jan"]
[Result "0-1"]
[WhiteElo "2358"]
[BlackElo "2151"]
[PlyCount "100"]
[EventDate "2024.07.23"]
[EventType "swiss (blitz)"]
[EventRounds "11"]
[EventCountry "USA"]
[SourceTitle "EXT 2025"]
[Source "ChessBase"]
[SourceDate "2024.10.14"]
[SourceVersion "1"]
[SourceVersionDate "2024.10.14"]
[SourceQuality "1"]

1. d4 c5 2. d5 d6 3. c4 g6 4. e4 Bg7 5. Bd3 Nf6 6. h3 0-0 7. Nf3 b5 8. cxb5 a6 9. bxa6 Bxa6 10. 0-0 Bxd3 11. Qxd3 Na6 12. Nc3 Nc7 13. Nd2 Ra6 14. Nc4 Qa8 15. Bg5 Rb8 16. Rab1 h6 17. Bf4 Nd7 18. a3 Nb6 19. Ne3 Na4 20. Nxa4 Rxa4 21. Nc4 Qa6 22. Rfc1 Qb5 23. e5 dxe5 24. Bxe5 Rxc4 25. Qxc4 Bxe5 26. Qxc5 Qd7 27. b4 Nxd5 28. Rb3 e6 29. Qc4 Kg7 30. b5 Nf4 31. Qe4 Qd6 32. a4 Bf6 33. h4 Qd2 34. Re1 Bxh4 35. Qe3 Qd6 36. g3 Nh3+ 37. Kg2 Bg5 38. Qf3 Nxf2 39. Kxf2 Bf6 40. Kg2 h5 41. Rf1 Qd4 42. Rd3 Qb2+ 43. Rf2 Qa1 44. Rd7 Rc8 45. Qe4 Rc1 46. Qxe6 Rg1+ 47. Kf3 Qc3+ 48. Ke2 Qc2+ 49. Kf3 Qc3+ 50. Ke2 Re1# 0-1

[Event "Moscow op-A 20th"]
[Site "Moscow"]
[Date "2024.07.19"]
[Round "7"]
[White "Petukhov, Dmitriy"]
[Black "Galaktionov, Artem"]
[Result "0-1"]
[WhiteElo "2072"]
[BlackElo "2358"]
[PlyCount "96"]
[EventDate "2024.07.16"]
[EventType "swiss"]
[EventRounds "9"]
[EventCountry "RUS"]
[SourceTitle "CBM 221 Extra"]
[Source "ChessBase"]
[SourceDate "2024.09.30"]
[SourceVersion "1"]
[SourceVersionDate "2024.09.30"]
[SourceQuality "1"]

1. Nf3 d5 2. d4 Nf6 3. g3 e6 4. Bg2 b5 5. 0-0 c5 6. c3 Nc6 7. Nbd2 Bb7 8. e3 Bd6 9. Qe2 Qb6 10. Re1 0-0 11. dxc5 Bxc5 12. Nd4 a6 13. N4b3 Bd6 14. e4 Rfe8 15. a3 a5 16. Rb1 a4 17. Na1 Ne5 18. Nc2 Bc5 19. Rf1 Rad8 20. h3 h5 21. Kh1 dxe4 22. Nxe4 Nxe4 23. Bxe4 Bxe4+ 24. Qxe4 Nd3 25. Be3 f5 26. Qg2 e5 27. Qf3 g6 28. Kh2 Rd6 29. Rfd1 Red8 30. Bxc5 Qxc5 31. Rf1 Kg7 32. Qb7+ R8d7 33. Qf3 Kf7 34. Kg2 Kg7 35. Kh2 Kh7 36. Kg1 h4 37. gxh4 Nf4 38. Ne3 Rd2 39. Rbd1 Ne2+ 40. Kh1 e4 41. Qg2 f4 42. Rxd2 Rxd2 43. Ng4 Ng3+ 44. Kg1 Nxf1 45. Nf6+ Kg7 46. Nxe4 Qd5 47. c4 bxc4 48. Qf3 Rd4 0-1

[Event "Moscow op-A 20th"]
[Site "Moscow"]
[Date "2024.07.17"]
[Round "3"]
[White "Galaktionov, Artem"]
[Black "Kleimenov, Nikolay"]
[Result "1/2-1/2"]
[WhiteElo "2358"]
[BlackElo "2119"]
[PlyCount "114"]
[EventDate "2024.07.16"]
[EventType "swiss"]
[EventRounds "9"]
[EventCountry "RUS"]
[SourceTitle "CBM 221 Extra"]
[Source "ChessBase"]
[SourceDate "2024.09.30"]
[SourceVersion "1"]
[SourceVersionDate "2024.09.30"]
[SourceQuality "1"]

1. d4 d5 2. c4 e6 3. Nf3 Nf6 4. Nc3 c5 5. cxd5 Nxd5 6. e4 Nxc3 7. bxc3 cxd4 8. cxd4 Bb4+ 9. Bd2 Bxd2+ 10. Qxd2 0-0 11. Bd3 Nc6 12. Bc2 Qa5 13. Qxa5 Nxa5 14. Kd2 b6 15. Bd3 Bb7 16. Rhc1 Rac8 17. Ng1 Rfd8 18. Ne2 Kf8 19. Ke3 Ke7 20. h4 Nc6 21. Rab1 Na5 22. g4 Rxc1 23. Rxc1 Rc8 24. Rxc8 Bxc8 25. g5 Bd7 26. Nf4 Nc6 27. Nh5 Kf8 28. f4 Ne7 29. Ng3 b5 30. f5 exf5 31. exf5 Nd5+ 32. Ke4 Nb4 33. Bb1 Ke7 34. d5 Kd6 35. Kd4 Nxd5 36. Ne4+ Kc6 37. Nc5 Nf4 38. Be4+ Kd6 39. Nxd7 Kxd7 40. Kc5 f6 41. Bc6+ Kc7 42. Bxb5 Ng2 43. Kd5 Nf4+ 44. Ke4 Ng2 45. Bf1 Ne1 46. g6 h6 47. Kd5 Kd8 48. Ke6 Ke8 49. Bb5+ Kf8 50. Kd6 Nf3 51. Bd3 Ne5 52. Be2 Ke8 53. Kc7 Ke7 54. a3 Nd7 55. Kb7 Kd6 56. Kxa7 Nc5 57. Kb6 Na4+ 1/2-1/2